000 00203 a2200097 4500
020 _a9781579549572
041 _aeng
100 _aAganston, Arthur
245 _aThe South Beach Diet Cookbook
942 _cBK
999 _c11007
_d11007